|
|
|
|
| LEADER |
00000nam a2200000 a 4500 |
| 001 |
vtls010652813 |
| 003 |
SK-MaSNL |
| 005 |
20260301040750.0 |
| 008 |
240315s2014 xo a b 000 0 slo |
| 015 |
|
|
|a SNBA2015/03
|
| 020 |
|
|
|a 9788080981402
|q (brož.)
|
| 040 |
|
|
|a SNK
|b slo
|c SNK
|e AACR2
|
| 041 |
0 |
|
|a slo
|a hun
|
| 044 |
|
|
|a xo
|c SK
|
| 072 |
|
7 |
|a 373.2/.3
|x Predškolská a primárna výchova a vzdelávanie
|2 konspekt
|
| 080 |
|
|
|a 811.162.4
|2 2001
|
| 080 |
|
|
|a 811.511.141
|2 2001
|
| 080 |
|
|
|a (038)81
|2 2001
|
| 080 |
|
|
|a (038.025.2)
|2 2001
|
| 080 |
|
|
|a (075.2)
|2 2001
|
| 100 |
1 |
|
|a Halásová, Mária
|4 aut
|9 341455
|
| 245 |
1 |
0 |
|a Obrázkový slovník
|b zo slovenského jazyka pre 2.- 4. ročník ZŠ s VJM
|c [autorka: Mária Halásová ; ilustrovali: Géza Balázsy, Martina Michalovová]
|
| 246 |
1 |
4 |
|a Obrázkový slovník pre 2.-4. ročník ZŠ s vyučovacím jazykom maďarským
|
| 250 |
|
|
|a 2. vyd.
|
| 260 |
|
|
|a Bratislava
|b Terra
|c 2014
|
| 300 |
|
|
|a 72 s.
|b ilustr. (prevažne fareb.)
|c 30 cm
|
| 500 |
|
|
|a Hrebeňová väzba
|
| 504 |
|
|
|a Maď.-slov. slovník
|
| 650 |
0 |
7 |
|a slovenčina
|2 SNKPH
|9 1350
|
| 650 |
0 |
7 |
|a Slovak language
|2 SNKPHeng
|9 266031
|
| 650 |
0 |
7 |
|a maďarčina
|2 SNKPH
|9 1492
|
| 650 |
0 |
7 |
|a Hungarian language
|2 SNKPHeng
|9 266361
|
| 655 |
|
7 |
|a dvojjazyčné prekladové slovníky
|2 SNKPH
|9 70744
|
| 655 |
|
7 |
|a Bilingual translation dictionaries
|2 SNKPHeng
|9 287935
|
| 655 |
|
7 |
|a Illustrated dictionaries
|2 SNKPHeng
|9 323292
|
| 655 |
|
7 |
|a obrazové slovníky
|2 SNKPH
|9 282783
|
| 655 |
|
7 |
|a učebnice základných škôl
|2 SNKPH
|9 70187
|
| 655 |
|
7 |
|a Textbooks (elementary)
|2 SNKPHeng
|9 276977
|
| 700 |
1 |
|
|a Balázsy, Géza,
|d 1959-
|4 ill
|9 88598
|
| 700 |
1 |
|
|a Michalovová, Martina
|4 ill
|9 341456
|
| 919 |
|
|
|a 978-80-8098-140-2
|
| 999 |
|
|
|c 586830
|d 588760
|
| 952 |
|
|
|a SNK
|b SNK
|y PREZ
|7 0
|p 17A1137460
|o snkSB 87798
|i snk2015/4289
|8 0
|0 0
|1 0
|4 0
|d 2015-02-06
|l 0
|r 2025-05-12 00:00:00
|w 2026-02-23
|
| 952 |
|
|
|a SNK
|b SNK
|y VYP
|7 0
|p 17A1137461
|o snkSB 87798 D1
|i snk2015/4290
|8 0
|0 0
|1 0
|4 0
|d 2015-02-06
|l 0
|r 2026-02-23 15:12:17
|w 2026-02-23
|